00653 a2200193 4500999001500000010001400015020002600029035001300055037001500068082001000083100001700093245005900110260004400169270005800213300002900271500001900300942002900319952011100348 c4357d4357 aENG-86250 a9788120332034c325.00 aEN-69783 bDBAD / PUB14a658.5 aKhanna, R.B.1 aProduction and operations management /cby R.B. Khanna aNew DelhibPrentice-Hall of Indiac2007 aM-97, Connaught CircusbNew DelhicNew Delhie110 001 axiv, 519p.c24cm. (Pbk) aIncludes index adplcEN2ddch658.5mKHA 001040718NFICaDBADbDBADeDBAD/PUBg325.00l0o658.5 KHApEN-69783r2008-09-15 00:00:00t1v325.00yEN